[Event "CHN-chB"]
[Site "Qinhuangdao"]
[Date "2017.07.17"]
[Round "3"]
[White "Liu, Chang"]
[Black "Du, Zhaorui"]
[Result "1-0"]
[WhiteElo "2361"]
[BlackElo "2024"]
[PlyCount "169"]
[EventDate "2017.07.16"]
[EventType "swiss"]
[EventRounds "11"]
[EventCountry "CHN"]
[SourceTitle "CBM 179 Extra"]
[Source "ChessBase"]
[SourceDate "2017.08.23"]
[SourceVersion "1"]
[SourceVersionDate "2017.08.23"]
[SourceQuality "1"]

1. e4 e6 2. Qe2 c5 3. Nf3 Nc6 4. g3 d6 5. Bg2 Nf6 6. 0-0 Be7 7. Rd1 0-0 8. d4 cxd4 9. Nxd4 Qc7 10. Nb5 Qb8 11. c4 a6 12. N5c3 Rd8 13. Be3 Nd7 14. Nd2 Nc5 15. Rac1 Bd7 16. a3 a5 17. f4 a4 18. Bf2 Na5 19. Rc2 Bc6 20. Nf3 Nab3 21. Nd4 Nxd4 22. Bxd4 b6 23. Nd5 Qb7 24. Nxe7+ Qxe7 25. Bxc5 dxc5 26. Rcd2 e5 27. fxe5 Rxd2 28. Qxd2 Qxe5 29. Qd6 Qe8 30. e5 Bxg2 31. Kxg2 Rb8 32. Qc7 Qc8 33. Qxc8+ Rxc8 34. Kf3 Kf8 35. Rd7 Rb8 36. Ke4 b5 37. cxb5 Rxb5 38. Rd2 Rb7 39. Rc2 Ke7 40. Kd5 Kd7 41. Rf2 Ke7 42. Kxc5 Ke6 43. Re2 h5 44. Kd4 Rb5 45. Kc3 g6 46. Re4 Rc5+ 47. Rc4 Ra5 48. Kb4 Ra7 49. Re4 Rb7+ 50. Kc3 Ra7 51. Re2 Rb7 52. Kd3 Rd7+ 53. Kc4 Rb7 54. Kc5 Rb3 55. Kc4 Rb7 56. Kd4 Rd7+ 57. Ke4 Rd5 58. Kf4 Rb5 59. h4 Rc5 60. Re4 Rb5 61. Rb4 Ra5 62. Rb6+ Ke7 63. Rb7+ Ke6 64. Rb4 Ra6 65. Ke4 Ra5 66. Rb6+ Ke7 67. Kd4 Ra7 68. Kc4 Ra5 69. Rb5 Ra7 70. b4 axb3 71. Kxb3 f6 72. exf6+ Kxf6 73. a4 Re7 74. Rg5 Re1 75. a5 Ra1 76. Kc4 Rb1 77. Kc5 Ra1 78. Kb6 Rb1+ 79. Rb5 Re1 80. a6 Re6+ 81. Ka5 Re7 82. Rc5 Ke6 83. Kb6 Re8 84. a7 Kd6 85. Ra5 1-0